000 00669nam a2200229 a 4500
001 21577
003 BD-RjUL
005 20211209000713.0
008 140304s1970 ii 000 0 hin d
035 _a(BD-RjUL)21641
035 _a(BD-RjUL)
040 _aANL
_beng
_cANL
041 _aeng
082 0 4 _a891.43983
_bGHG 1970
100 0 _aGhalib,
_d1796?-1869.
_966647
245 1 0 _aGhalib and his poetry /
_c[by] Sardar Jafri [and] Qurratulain Hyder ; Foreword by Rafiq Zakaria.
260 _aBombay :
_bPopular Prakashan,
_c[1970].
300 _axi, 92 p. ;
_c23 cm.
700 1 _aJafri, Sardar.
_966648
700 1 _aHyder, Qurratulain.
_966649
942 _2ddc
_cBK
999 _c21577
_d21577